Learning Resource and Development

Assessing knowledge and practices on data privacy law among barangay health workers in the municipality of Buhi / (Record no. 31898)

MARC details
000 -LEADER
fixed length control field 02921nam a2200325 i 4500
003 - CONTROL NUMBER IDENTIFIER
control field CSPC
005 - DATE AND TIME OF LATEST TRANSACTION
control field 20260226092458.0
008 - FIXED-LENGTH DATA ELEMENTS--GENERAL INFORMATION
fixed length control field 260224s2025 ph a b 000 0 eng d
040 ## - CATALOGING SOURCE
Original cataloging agency CSPC
Language of cataloging eng
Transcribing agency CSPC
Description conventions rda
090 ## - LOCALLY ASSIGNED LC-TYPE CALL NUMBER (OCLC); LOCAL CALL NUMBER (RLIN)
Classification number (OCLC) (R) ; Classification number, CALL (RLIN) (NR) UTH BSOA L114a 2025
100 1# - MAIN ENTRY--PERSONAL NAME
Personal name Laborte, Earl Christian B.,
Relator term author.
245 10 - TITLE STATEMENT
Title Assessing knowledge and practices on data privacy law among barangay health workers in the municipality of Buhi /
Statement of responsibility, etc. Earl Christian B. Laborte, Krisel Lozano, Maria Donna N. Magalona, and Jonalyn B. Nacion.
260 ## - PUBLICATION, DISTRIBUTION, ETC.
Place of publication, distribution, etc. Buhi Camarines Sur :
Name of publisher, distributor, etc. Camarines Sur Polytechnic Colleges,
Date of publication, distribution, etc. 2025.
300 ## - PHYSICAL DESCRIPTION
Extent 108 leaves.
336 ## - CONTENT TYPE
Source rdacontent
Content type term text
337 ## - MEDIA TYPE
Source rdamedia
Media type term unmediated
338 ## - CARRIER TYPE
Source rdacarrier
Carrier type term volume
502 ## - DISSERTATION NOTE
Dissertation note Undergraduate Thesis (BSOA)-Office Administration.
Name of granting institution Camarines Sur Polytechnic Colleges, 2025.
504 ## - BIBLIOGRAPHY, ETC. NOTE
Bibliography, etc. note Includes bibliographical references.
520 3# - SUMMARY, ETC.
Summary, etc. This study assesses the knowledge, awareness, understanding, and practices of Barangay Health Workers (BHWs) regarding Republic Act No. 10173 (Data Privacy Act of 2012) in Buhi, Camarines Sur, specifically in Poblacion barangays Sta. Elena, Sta.Clara, San Pascual, San Roque, and San Pedro. As frontline handlers of sensitive health data amid digital health transitions, BHWs (mostly female, aged 41+, high school graduates) were surveyed using a structured questionnaire with Likert scales to evaluate familiarity with privacy principles, daily practices, and implementation barriers. Key outputs reveal moderate knowledge levels: strengths in patient rights and consent but gaps in breach reporting; good practices overall with secure storage high yet digital transmission weaker; and significant challenges led by fear of errors and insufficient training, affecting those untrained despite years of service. Findings highlight urgent capacity gaps at the grassroots level, underscoring Protection Motivation Theory's role in compliance. Recommendations propose a comprehensive Barangay Data Privacy Training Plan: modular workshops by Municipal Health Office and National Privacy Commission, integration into BHW accreditation, low-cost secure templates, and annual audits with incentives. These targeted interventions equip policy makers to enhance confidentiality, integrity, and security of community health data, fostering ethical practices and patient trust in Bicol Region's primary care systems while bridging policy-practice divides.
700 1# - ADDED ENTRY--PERSONAL NAME
Personal name Lozano, Krisel,
Relator term author.
700 1# - ADDED ENTRY--PERSONAL NAME
Personal name Magalona, Maria Donna N.,
Relator term author.
700 1# - ADDED ENTRY--PERSONAL NAME
Personal name Nacion, Jonnalyn B.,
Relator term author.
720 1# - ADDED ENTRY--UNCONTROLLED NAME
Name Luzon, Niño, Jeffrey L.,
Relator term adviser.
720 1# - ADDED ENTRY--UNCONTROLLED NAME
Name Tañamor, Ma. Bernadette O.,
Relator term panelist, chair.
720 1# - ADDED ENTRY--UNCONTROLLED NAME
Name Oliveros, Josefin N.,
Relator term panelist.
720 1# - ADDED ENTRY--UNCONTROLLED NAME
Name Adriano, Rolando B.,
Relator term panelist.
942 ## - ADDED ENTRY ELEMENTS (KOHA)
Source of classification or shelving scheme Dewey Decimal Classification
Suppress in OPAC No
Koha item type Unpublished Materials
Classification part L114a
Call number prefix UTH
Call number suffix 2025
Holdings
Withdrawn status Lost status Source of classification or shelving scheme Damaged status Not for loan Home library Current library Shelving location Date acquired Total Checkouts Full call number Barcode Date last seen Copy number Price effective from Koha item type
    Dewey Decimal Classification     Buhi Campus Buhi Campus Undergraduate Thesis Section 02/23/2026   UTH BSOA L114a 2025 00290UM-BUH 02/24/2026 1-1 02/24/2026 Unpublished Materials